Virosis de los agrios / (Record no. 40648)

MARC details
000 -LEADER
campo de control de longitud fija 00558nam a2200181 i 4500
001 - NÚMERO DE CONTROL
campo de control 40648
003 - IDENTIFICADOR DE NÚMERO DE CONTROL
campo de control ES-MaACL
005 - FECHA Y HORA DE LA ÚLTIMA TRANSACCIÓN
campo de control 20230906160259.0
007 - CAMPO FIJO DE DESCRIPCIÓN FÍSICA--INFORMACIÓN GENERAL
campo de control de longitud fija t|
008 - DATOS DE LONGITUD FIJA--INFORMACIÓN GENERAL
campo de control de longitud fija 030306s1971 sp ||||1| spa d
100 1# - ENTRADA PRINCIPAL--NOMBRE DE PERSONA
Nombre de persona Carrero, José María.
9 (RLIN) 35697
245 10 - MENCIÓN DEL TÍTULO
Título Virosis de los agrios /
Mención de responsabilidad, etc. por José María Carrero.
250 ## - MENCION DE EDICION
Mención de edición 1ª ed.
260 ## - PUBLICACIÓN, DISTRIBUCIÓN, ETC.
Lugar de publicación, distribución, etc. Madrid :
Nombre del editor, distribuidor, etc. [Capacitación Agraria,
Fecha de publicación, distribución, etc. 1971]
300 ## - DESCRIPCIÓN FÍSICA
Extensión XVI, 293 p., 3 lám. ;
Dimensiones 21 cm.
710 2# - ENTRADA AGREGADA--NOMBRE DE ENTIDAD CORPORATIVA
Nombre de entidad corporativa o nombre de jurisdicción como elemento de entrada España.
Unidad subordinada Dirección General de Capacitación Agraria.
9 (RLIN) 3712
852 ## - LOCALIZACIÓN
Ubicación ES-MaACL
Número de control de estantería C-46243
Sublocalización o colección R.78409
Holdings
Estatus retirado Estado de pérdida Estado de daño No para préstamo Biblioteca de origen Biblioteca actual Ubicación en estantería Fecha de adquisición Fuente de adquisición Total de préstamos Signatura topográfica completa Código de barras Visto por última vez Precio de reemplazo Tipo de ítem Koha
        Biblioteca del Ateneo de Madrid Biblioteca del Ateneo de Madrid Depósito 2 17/01/2008     C-46243 1042796 23/02/2023 23/02/2023 Libro impreso